Gričská čarodejnica

Bibliographic Details
Main Author: Jurić-Zagorka, Marija, 1873-1957 (Author)
Other Authors: Jankovič, Ján, 1943-2021 (Translator)
Format: Book
Language:Slovak
Croatian
PhysicalDescription:465, [1] s. 21 cm
Published: Bratislava Smena 1971
Edition:2. vyd.
Subjects:

MARC

LEADER 00000cam a2200000 a 4500
001 vtls012123740
003 SK-MaSNL
005 20260301055340.0
008 250312s1971 xo gr 000 f slo
015 |a SNBA1971/07-01779 
020 |q (viazané) 
035 |a urn:nbn:sk:snk-am00ii8c 
035 |a 3ABD15A6-3912-49F9-8A7B-ECAC157C915C 
040 |a SNK  |b slo  |c SNK  |e AACR2 
041 1 |a slo  |h hrv 
044 |a xo  |c SK 
072 7 |a 821.163  |x Južnoslovanské literatúry  |2 konspekt 
080 |a 821.163.42-31  |2 2011 
080 |a (0:82-311.6)  |2 2011 
100 1 |a Jurić-Zagorka, Marija,  |d 1873-1957  |4 aut  |9 153814 
240 1 0 |a Grička vještica  |l Slovensky 
245 1 0 |a Gričská čarodejnica  |c Marija Jurić Zagorka ; z chorvátskeho originálu Grička vještica ... preložil a upravil Ján Jankovič 
250 |a 2. vyd. 
260 |a Bratislava  |b Smena  |c 1971 
300 |a 465, [1] s.  |c 21 cm 
366 |e 30000 výtl. 
655 7 |a chorvátske romány  |2 SNKPH  |9 70795 
655 7 |a historické romány  |2 SNKPH  |9 70253 
700 1 |a Jankovič, Ján,  |d 1943-2021  |4 trl  |9 85876 
852 |a Slovenská národná knižnica 
954 |a beletria cudzojazyčná (svetová)  |2 lita 
958 |a RK 
958 |a TL 
958 |a LX 
958 |a OND 
958 |a UP 
999 |c 613155  |d 615085 
952 |t P60, <05>, [BOOK], {605}  |a SNK  |b SNK  |y VYP  |7 0  |p 17A0315936  |o snkSC 28311 D1  |0 0  |1 0  |4 0  |d 2001-09-25  |l 0  |r 2005-01-02 00:00:00  |w 2026-02-23 
952 |a SNK  |b SNK  |y PREZ  |7 0  |p 17A0324356  |o snkSC 28311  |i snkK 1422/2001  |8 3  |0 0  |1 0  |4 0  |d 2001-11-27  |f 1  |l 0  |r 2025-09-11 00:00:00  |w 2026-02-23